| 000 | 00511nam a2200145 a 4500 | ||
|---|---|---|---|
| 001 | 1212 | ||
| 003 | CDMR | ||
| 005 | 20151016131202.0 | ||
| 008 | 130130s1923||||||||||||||||||||||||||||d | ||
| 040 |
_aCDMR _bcat _cCDMR |
||
| 110 | 2 |
_9208 _aAsociación de la Prensa Diaria de Barcelona |
|
| 245 | 1 | 0 |
_aEstatutos de la Asociación de la Prensa Diaria de Barcelona _b: aprobados en Junta General extraordinaria celebrada el día 7 de julio de 1912 |
| 260 |
_aBarcelona _c1923 _bTalleres Gráficos Núñez |
||
| 942 |
_cMON _2udc |
||
| 999 |
_c1212 _d1212 |
||